Friedrich Immanuel Niethammer (1766-1848) Theologe, Religionsphilosoph, Schulreformer und Kirchenorganisator : vorgetragen in der Gesamtsitzung vom 14. Dezember 2007

Bibliographic Details
Main Author: Wenz, Gunther (Author)
Format: Book
Language:German
PhysicalDescription:114 s. fotogr. 22 cm
Published: München C. H. Beck 2008
ISBN:9783769616453
ISSN:0342-5991
Series:Sitzungsberichte / Bayerische Akademie der Wissenschaften, Philosophisch-Historische Klasse Jg. 20086, H. 1
Subjects:

MARC

LEADER 00000nam a2200000 a 4500
001 vtls009295126
003 SK-MaSNL
005 20260301125455.0
008 251124s2008 gw o g h 000 0dger
020 |a 9783769616453  |q (brož.) 
040 |a SNK  |b slo  |c SNK  |e AACR2 
041 0 |a ger 
043 |a e-gx--- 
044 |a gw  |c DE 
072 7 |a 929  |x Biografie  |2 konspekt 
072 7 |a 2-1  |x Prirodzená teológia. Náboženská filozofia. Religionistika  |2 konspekt 
080 |a 929  |2 2001 
080 |a 2-1-051  |2 2001 
080 |a (430)  |2 2001 
080 |a 012(092)  |2 2001 
100 1 |a Wenz, Gunther  |4 aut  |9 326756 
245 1 0 |a Friedrich Immanuel Niethammer (1766-1848)  |b Theologe, Religionsphilosoph, Schulreformer und Kirchenorganisator : vorgetragen in der Gesamtsitzung vom 14. Dezember 2007  |c Gunther Wenz 
246 1 8 |a Friedrich Immanuel Niethammer 
260 |a München  |b C. H. Beck  |c 2008 
300 |a 114 s.  |b fotogr.  |c 22 cm 
490 1 |a Sitzungsberichte / Bayerische Akademie der Wissenschaften, Philosophisch-Historische Klasse  |x 0342-5991  |v Jg. 20086, H. 1 
500 |a Vydav. Bayerische Akademie der Wissenschaften 
504 |a Obsahuje bibliografické odkazy 
600 1 7 |a Niethammer, Friedrich Immanuel,  |d 1766-1848  |2 SNKMA  |9 475493 
650 0 7 |a teológovia  |2 SNKPH  |9 1962 
651 7 |a Nemecko  |2 SNKPH  |9 21020 
655 7 |a biografie  |2 SNKPH  |9 27965 
810 2 |a Bayerische Akademie der Wissenschaften (Mníchov, Nemecko).  |b Philosophisch-Historische Klasse.  |t Sitzungsberichte  |9 314806 
919 |a 978-3-7696-1645-3 
999 |c 742555  |d 744485 
952 |a SNK  |b SNK  |y VYP  |7 0  |p 17A0590339  |o snkIC 136640  |i snk2008/12149  |8 2  |g 8.00  |0 0  |1 0  |4 0  |d 2008-05-19  |l 0  |r 2026-02-23 23:05:01  |w 2026-02-23